| 000 | 00935nam a22002417a 4500 | ||
|---|---|---|---|
| 005 | 20240530110612.0 | ||
| 008 | 160803s2013 ua f 000 0bara d | ||
| 017 |
_a2011/11593 _bمصر . دار الكتب المصرية |
||
| 020 | _a9789770930564 | ||
| 040 | _aEG-CaGPL | ||
| 082 | 0 | 4 |
_221 _a923.2 _bق/ب ب |
| 100 | 0 | _aبطرس بطرس غالى | |
| 245 | 1 | 0 |
_aبين النيل و القدس : _bيوميات دبلوماسى مصرى / _cبطرس بطرس غالى ؛ ترجمة ناجى رمضان ؛ مراجعة دينا عزت |
| 250 | _aط. 1 | ||
| 260 |
_aالقاهرة : _bدار الشروق ، _c2013 . |
||
| 300 |
_a400 ص. ؛ _c24 سم + _eملاحق . |
||
| 600 | 0 | 4 |
_aبطرس بطرس غالى _xالمذكرات |
| 651 | 0 | 4 |
_aمصر _xالاحوال السياسية |
| 651 | 0 | 4 |
_aمصر _xتاريخ |
| 700 | 0 |
_aناجى رمضان _eمترجم |
|
| 700 | 0 |
_aدينا عزت _eمراجع |
|
| 942 |
_2ddc _cBK |
||
| 999 |
_c62882 _d62882 |
||